Normal view
MARC view
Entry Topical Term
001 - CONTROL NUMBER
- control field: 14448
003 - CONTROL NUMBER IDENTIFIER
- control field: BD-RjUL
005 - DATE AND TIME OF LATEST TRANSACTION
- control field: 20241127105923.0
008 - FIXED-LENGTH DATA ELEMENTS
- fixed length control field: 241127|| aca||aabn | a|a d
040 ## - CATALOGING SOURCE
- Original cataloging agency: BD-RjUL
- Transcribing agency: BD-RjUL
150 ## - HEADING--TOPICAL TERM
- Topical term or geographic name entry element: Aquaculture
- Form subdivision: Practice
670 ## - SOURCE DATA FOUND
- Source citation: Work cat.: (BD-RjUL)84377: Hossain, Md. Anwar 8166, Good Aquaculture Practice Based Carp Fattening in Ponds Under Drought Prone Area :, 2022